000 00347nam a2200145 i 4500
001 bg
100 1 _aKEMENI, Dż.
245 0 _aKiberneticeskoe modelirowanie... /
_cDż. Kemeni, Dż. Snell.
260 _aMoskwa,
_c1972.
700 1 _aSNELL, Dż.
040 _cBPK
041 _apol
942 _cKS
008 s pl f |000 0 pol
999 _c14914
_d14914
856 _uhttp://koha.tu.koszalin.pl/cgi-bin/koha/opac-detail.pl?biblionumber=14914
_yKatalog online BPK